000 02672cam a2200565 i 4500
001 xx004908596
003 NUKAT
005 20260429131602.0
008 200716s2020 pl a |001 0 pol c
020 _a9788380988699
_q(oprawa twarda) :
_czł 40,00
035 _a(OCoLC)1413862040
035 _a(NUKAT)xx004908596
040 _aKAT U/MB
_bpol
_erda
_cKAT U/MBs
_dKAT U/DB
_dPOZN U/EMs
_dWR O/PC
_dOLSZT 008/bak
045 2 _bd1921
_bd1939
046 _k2020
100 1 _aOleszkowicz, Ryszard
_d(1969- ).
_eAutor
_940886
245 1 0 _aKontrwywiad kresowy :
_bdziałalność polskiego kontrwywiadu wojskowego na obszarze Dowództwa Okręgu Korpusu nr IX w Brześciu nad Bugiem w okresie międzywojennym /
_cRyszard Oleszkowicz ; Instytut Pamięci Narodowej - Komisja Ścigania Zbrodni przeciwko Narodowi Polskiemu.
260 _aKraków ;
_aWarszawa :
_bInstytut Pamięci Narodowej,
_c2020.
300 _a470, [1] strona, [7] stron tablic kolorowych :
_bilustracje ;
_c25 cm.
336 _aTekst
_btxt
_2rdacontent
337 _aBez urządzenia pośredniczącego
_bn
_2rdamedia
338 _aWolumin
_bnc
_2rdacarrier
380 _aKsiążki
380 _aPublikacje naukowe
388 1 _a2001-
490 1 _aMonografie ;
_vt. 151
504 _aBibliografia na stronach 403-438. Indeksy.
610 2 7 _aDowództwo Okręgu Korpusu Nr IX (Wojsko Polskie ; 1918-1939)
_2DBN
_940887
610 1 7 _aPolska.
_bWojsko Polskie (1918-1939).
_bOkręg Korpusu nr IX (Brześć).
_2kaba
_940888
610 1 7 _aPolska.
_bWojsko Polskie (1918-1939).
_bSztab Główny.
_bOddział II.
_2kaba
_923040
648 7 _a1901-2000
_2DBN
_934996
648 7 _a1918-1939
_2DBN
_936041
650 7 _aDywersja
_2DBN
_940889
650 7 _aKontrwywiad polski
_2DBN
_940890
650 7 _aKontrwywiad wojskowy
_2DBN
_940891
650 7 _aSzpiegostwo
_2DBN
_940892
650 7 _aWywiad
_2DBN
_940893
650 7 _aSłużby wywiadowcze wojskowe
_zPolska
_y1900-1945.
_2kaba
_940894
650 7 _aSłużby wywiadowcze wojskowe
_zBiałoruś
_zBrześć
_y1900-1945.
_2kaba
_940895
650 7 _aBezpieczeństwo państwa
_zPolska
_y1900-1945.
_2kaba
_911540
651 7 _aKresy wschodnie Rzeczypospolitej
_2DBN
_936023
651 7 _aPolska
_2DBN
_935076
655 7 _aMonografia
_2DBN
_935240
658 _aBezpieczeństwo i wojskowość
658 _aHistoria
710 2 _aInstytut Pamięci Narodowej - Komisja Ścigania Zbrodni przeciwko Narodowi Polskiemu.
_eInstytucja sprawcza
_eWydawca
_4pbl
_911792
830 0 _aMonografie - Instytut Pamięci Narodowej - Komisja Ścigania Zbrodni przeciwko Narodowi Polskiemu
_vt. 151
_911794
920 _a978-83-8098-869-9 (oprawa twarda) : zł 40,00
942 _2ddc
_cBK_NM
999 _c27869
_d27869